000 00665nam a2200229 a 4500
001 BRL_890
005 20190320210937.0
008 231013s1977----mx-ae#####---#000-0#spa-#
041 _aspa
044 _amx
050 4 _aF1391.S19
_b.M66 1977
100 1 _aMontejano y Aguiñaga, Rafael
_923310
245 1 0 _aGuía de la Ciudad de San Luis Potosí
_cRafael Montejano y Aguinaga.
250 _a5
260 _aSan Luis Potosí
_bAcademia de Historia Potosina
_c[1977]
300 _a202 p.
_bil.
_c17 cm.
_e+ 1 Plano
440 0 _aEstudios
_v9
_925248
500 _aAu1047
651 4 _aSan Luis Potosí (México)
_vGuías
_925249
902 _aGRL
942 _2lcc
_cB
999 _c9702
_d9702